Monografía de la caquexia acuosa ó comália en los animales domésticos / (Record no. 158949)

MARC details
000 -LEADER
campo de control de longitud fija 00744nam a22001695i 4500
001 - NÚMERO DE CONTROL
campo de control 158949
003 - IDENTIFICADOR DE NÚMERO DE CONTROL
campo de control ES-MaACL
005 - FECHA Y HORA DE LA ÚLTIMA TRANSACCIÓN
campo de control 20230906211404.0
008 - DATOS DE LONGITUD FIJA--INFORMACIÓN GENERAL
campo de control de longitud fija 040906s1883 sp |||| | spa d
040 ## - FUENTE DE CATALOGACIÓN
Centro catalogador/agencia de origen CAM
Lengua de catalogación spa
Centro/agencia transcriptor CAM
100 1# - ENTRADA PRINCIPAL--NOMBRE DE PERSONA
Nombre de persona Martínez de Anguiano, Pedro.
9 (RLIN) 77975
245 10 - MENCIÓN DEL TÍTULO
Título Monografía de la caquexia acuosa ó comália en los animales domésticos /
Mención de responsabilidad, etc. por Pedro Martínez de Anguiano.
260 ## - PUBLICACIÓN, DISTRIBUCIÓN, ETC.
Lugar de publicación, distribución, etc. Zaragoza :
Nombre del editor, distribuidor, etc. [s.n.],
Fecha de publicación, distribución, etc. 1883 (
Fabricante Establecimiento tipográfico de Mariano Salas)
300 ## - DESCRIPCIÓN FÍSICA
Extensión 50, [2] p. ;
Dimensiones 21 cm.
650 04 - PUNTO DE ACCESO ADICIONAL DE MATERIA--TÉRMINO DE MATERIA
Término de materia o nombre geográfico como elemento de entrada Animales domésticos-
Subdivisión general Enfermedades.
9 (RLIN) 135566
852 ## - LOCALIZACIÓN
Ubicación ES-MaACL
Número de control de estantería T-680-F-7
Nota libre -- Enc. hol., conservando la cub. original
-- -- An. ms.: ded. del autor a Manuel Saenz Diez
-- -- Enc. en un vol. facticio
Holdings
Estatus retirado Estado de pérdida Estado de daño No para préstamo Colección Biblioteca de origen Biblioteca actual Ubicación en estantería Fecha de adquisición Total de préstamos Signatura topográfica completa Código de barras Visto por última vez Precio de reemplazo Tipo de ítem Koha
        Colección de folletos Biblioteca del Ateneo de Madrid Biblioteca del Ateneo de Madrid Depósito folletos 17/01/2008   T-680-F-7 1166375 23/02/2023 23/02/2023 Folleto